000 00373nam a22001577a 4500
005 20251108175713.0
008 250721s9999 xx 000 0 eng d
082 1 4 _aJ/F/DRU
100 1 _adrummond, v.h
245 1 0 _alittle laura on the river /
264 1 _alondon :
_bfaber and faber,
300 _a32p.
650 1 7 _afiction
942 _2ddc
_cBK
999 _c140405
_d140405